Požičať si smeli iba bohatí
Existencia úveru - vznik, vývoj. Poskytovanie úverov v súčasnosti.
Guardado en:
| Autor principal: | |
|---|---|
| Formato: | Capítulo de libro |
| Lenguaje: | eslovaco |
| Materias: | |
| Etiquetas: |
Sin Etiquetas, Sea el primero en etiquetar este registro!
|
MARC
| LEADER | 00000naa$a2200000$$$4500 | ||
|---|---|---|---|
| 001 | 0033593 | ||
| 005 | 20231019082931.4 | ||
| 041 | 0 | |a slo | |
| 044 | |a SK | ||
| 245 | 1 | 0 | |a Požičať si smeli iba bohatí |c Jozef Ryník |
| 520 | |a Existencia úveru - vznik, vývoj. Poskytovanie úverov v súčasnosti. | ||
| 610 | 2 | 0 | |a úver |
| 610 | 2 | 0 | |a politika úverová |
| 610 | 2 | 0 | |a história |
| 610 | 2 | 0 | |a svet |
| 100 | 1 | |a Ryník, Jozef | |